[Event "21st Dubai Open 2019"]
[Site "Dubai"]
[Date "2019.04.02"]
[Round "2.3"]
[White "Manush Shah"]
[Black "Kuzubov, Yuriy"]
[Result "0-1"]
[WhiteElo "2405"]
[BlackElo "2653"]
[Annotator "TA"]
[PlyCount "60"]
[EventDate "2019.04.01"]
[EventType "swiss"]
[EventCountry "UAE"]
[SourceTitle "playchess.com"]
[Source "ChessBase"]
[SourceQuality "1"]

{[%evp 20,60,0,0,0,0,0,0,0,-22,-19,-27,48,41,44,-7,-3,-59,-19,-13,-12,-15,0,-36,-12,-33,-23,-154,-165,-239,-248,-272,-253,-497,-475,-693,-703,-690,-667,-777,-768,-1329,-1242]} 1. d4 Nf6 2. Nf3 c5 3. c3 e6 4. Bf4 Nc6 5. e3 d5 6. Nbd2 Nh5 7. Bg5 {D02: 1 d4 d5 2 Nf3 sidelines, including 2...Nf6 3 g3 and 2...Nf6 3 Bf4} Qb6 (7... Qc7 8. Ne5 g6 9. Nxc6 bxc6 10. Be2 Rb8 11. Rb1 h6 12. Bh4 g5 13. Bxh5 gxh4 14. O-O Bd6 {1-0 (53) Harikrishna,P (2732)-Navara,D (2727) Prague 2018}) 8. Rb1 h6 9. Bh4 g5 10. Ne5 Nxe5 11. Qxh5 {LiveBook: 5 Games. Strongly threatening Bxg5.} cxd4 12. exd4 Ng6 13. Bg3 e5 $1 {[%cal Be6e5,Be5e4][%mdl 32]} 14. Bd3 e4 15. Bc2 Bg7 $146 (15... Qa6 $11) 16. O-O O-O {[%cal Bh8f8,Bf8f5,Bf5g5][%mdl 32]} 17. Bb3 (17. f4 $14) 17... Be6 $11 18. Kh1 (18. f4 $11 gxf4 19. Bxf4) 18... Kh7 19. f4 $1 {[%cal Rf4f5]} f5 {[%cal Bf7f5,Bf5f4][%mdl 32]} 20. fxg5 f4 $36 {[%mdl 2048] Black is pushing.} 21. gxh6 Rf5 22. Qe2 $1 Bxh6 23. Be1 {[#]} (23. Bf2 $1 $11) 23... Rg5 $1 $17 {[%mdl 1024] Black has strong compensation.} 24. Bc2 (24. a4 {was worth a try.}) 24... Bg4 $19 25. Qf2 Re8 26. h3 $2 (26. Rg1) 26... Bf5 {Black is clearly winning.} 27. Nb3 (27. b4 $142 e3 28. Qe2 Bxc2 29. Nc4) 27... Qe6 28. Nc5 Qc8 29. h4 Rg4 30. g3 Rxg3 {Precision: White = 23%, Black = 76%.} 0-1

[Event "21st Dubai Open 2019"]
[Site "Dubai"]
[Date "2019.04.02"]
[Round "2.4"]
[White "Iturrizaga Bonelli, Eduardo"]
[Black "Sundararajan, Kidambi"]
[Result "1-0"]
[WhiteElo "2633"]
[BlackElo "2413"]
[Annotator "TA"]
[PlyCount "115"]
[EventDate "2019.04.01"]
[EventType "swiss"]
[EventCountry "UAE"]
[SourceTitle "playchess.com"]
[Source "ChessBase"]
[SourceQuality "1"]

{[%evp 9,115,35,33,25,25,11,22,19,12,0,25,21,29,33,36,35,33,29,49,55,59,45,46,32,84,78,81,78,98,89,96,100,113,102,100,71,115,76,95,55,74,70,64,53,50,50,60,52,66,77,80,43,66,22,27,31,52,46,47,54,54,54,54,41,39,14,14,14,17,16,18,14,18,17,18,18,18,18,18,18,77,77,78,78,78,78,78,78,78,78,84,25,23,29,29,20,16,34,339,343,342,335,755,683,1339,939,29971,11681]} 1. c4 e5 2. Nc3 d6 3. Nf3 g6 4. d4 Nd7 5. Bg5 f6 6. Be3 {A41: 1 d4 d6: Tartakower System and Modern Defence} (6. Bh4 c6 7. e4 Qe7 8. Be2 h5 9. h3 Bh6 10. O-O Bf4 11. Qc2 g5 12. Bg3 h4 13. Bxf4 gxf4 {1-0 (33) Aronian,L (2801)-Movsesian,S (2721) Moscow 2010}) 6... Nh6 7. g3 Bg7 8. Bg2 {The position is equal.} O-O 9. O-O Nf5 10. Bc1 $1 exd4 11. Nxd4 Nxd4 12. Qxd4 f5 13. Qd5+ Kh8 $146 14. Be3 Ne5 15. b3 Ng4 16. Bd4 Nf6 ({Black should try} 16... Ne5 $1 $14 17. c5 c6 18. Qxd6 Qxd6 19. cxd6 Nf3+ 20. Bxf3 Bxd4) 17. Qf3 $16 c6 18. Rad1 Qe7 19. Rfe1 Be6 20. e4 Qf7 21. exf5 Bxf5 22. h3 Rae8 23. Rxe8 Qxe8 24. Qe3 Qxe3 25. Bxe3 a6 26. g4 ({Much weaker is} 26. Rxd6 Ne8 $15) 26... Bc8 27. Ne2 Ne8 28. f4 Kg8 29. Ng3 Bh6 30. g5 Bg7 31. Rd3 Rf7 32. h4 Be6 33. Be4 Rd7 34. f5 gxf5 35. Nxf5 d5 36. cxd5 {[%mdl 64] Overworked Piece} cxd5 37. Bxd5 Bxd5 {[#]} 38. Rxd5 $1 {[%mdl 512]} Rxd5 39. Ne7+ {[%mdl 64] Double Attack} Kf7 40. Nxd5 $11 {[%mdl 4096] Endgame KBN-KBN} Ke6 41. Nf4+ Kf5 42. Kf2 Kg4 43. Ne6 Be5 44. Nf8 Bg3+ (44... Bg7 $11 45. Nd7 (45. Nxh7 Kxh4 46. Bc5 Kh5 $11) 45... Nd6) 45. Ke2 $16 Bxh4 46. Nxh7 Kf5 {[#]} 47. Kd3 $1 Nd6 48. Kd4 Kg6 49. Nf8+ Kf7 {...Nf5+ is the strong threat.} 50. Ke5 (50. Nd7 $16) 50... Bg3+ $11 51. Kd5 {Threatens to win with Ne6.} Nb5 $1 {[%cal Rb5c7]} ({Reject} 51... Kxf8 52. Bc5 $16) 52. Ne6 {Black must now prevent Nd8+.} Nc3+ 53. Kc4 {Hoping for Nd8+.} Nd1 $2 {[%mdl 8192]} (53... Nxa2 $14 54. Nd8+ Kg7) 54. Nd8+ $18 Ke7 55. Bb6 Kd7 $2 (55... Nb2+ 56. Kc3 Nd1+ 57. Kd2 Nf2) 56. Nxb7 Kc6 57. Bd4 Kxb7 58. g6 {Accuracy: White = 66%, Black = 51%.} 1-0

[Event "21st Dubai Open 2019"]
[Site "Dubai"]
[Date "2019.04.02"]
[Round "2.5"]
[White "Yilmaz, Mustafa"]
[Black "Raja Rithvik R"]
[Result "1-0"]
[WhiteElo "2631"]
[BlackElo "2391"]
[Annotator "TA"]
[PlyCount "125"]
[EventDate "2019.04.01"]
[EventType "swiss"]
[EventCountry "UAE"]
[SourceTitle "playchess.com"]
[Source "ChessBase"]
[SourceQuality "1"]

{[%evp 32,125,45,65,81,50,76,26,25,32,70,70,67,60,99,95,105,70,135,127,143,142,148,150,210,194,207,210,202,202,197,129,140,143,202,201,200,180,172,151,138,137,194,171,210,187,218,211,189,171,170,143,283,218,277,295,273,291,375,370,367,363,345,325,325,317,311,313,319,319,285,285,277,325,1448,1014,900,314,4133,2678,2576,2345,2006,2159,29976,29977,29979,29980,29980,29981,29981,29982,29982,29983,29982,29984]} 1. d4 Nf6 2. c4 e6 3. Nf3 d5 4. Nc3 Be7 5. Qc2 O-O 6. cxd5 exd5 7. Bg5 c6 8. e3 Nbd7 9. Bd3 Re8 10. h3 Nf8 11. Bf4 Bd6 12. Bxd6 Qxd6 13. O-O-O Be6 14. Kb1 {D36: Queen's Gambit Declined: Exchange Variation: Main line (5 Bg5 c6 6 Qc2)} Rac8 15. g4 (15. Rc1 Ne4 16. Bxe4 dxe4 17. Ng5 f5 18. Nxe6 Qxe6 19. g4 fxg4 20. hxg4 c5 21. d5 Qxg4 {1-0 (33) Laznicka,V (2681)-Blagojevic,D (2516) Valjevo 2011}) 15... c5 16. dxc5 Qxc5 17. Nd4 {LiveBook: 4 Games} a6 18. Qd2 $146 ({Predecessor:} 18. f4 Bd7 19. g5 Ne4 20. Nxe4 dxe4 21. Qxc5 Rxc5 {½-½ (56) Conttegnie,F (2398)-Bures,J (2451) ICCF email 2007}) 18... b5 19. f3 N6d7 20. Rc1 {[%cal Rc3b5]} Qe7 21. Nf5 Bxf5 $1 22. Bxf5 Rcd8 23. Nxd5 Qd6 24. Rhd1 {Black must now prevent Qe1.} Nb6 ({Black should play} 24... Nf6 $1 $14) 25. Be4 $1 $36 {[%mdl 2048] White has strong initiative.} Qe5 26. Qd4 Qxd4 27. Rxd4 Nc4 (27... Nxd5 $16 28. Bxd5 Ne6) 28. Rdd1 $1 $18 Ne6 29. b3 Nd6 30. Bd3 Ng5 31. Nc7 ({Better is} 31. f4 $18 Nge4 32. Nc7) 31... Rxe3 $16 32. Nxa6 Nxf3 {[#]} (32... Rxf3 $16 33. Bxb5 Nge4) 33. Bxb5 $1 $18 {[%mdl 576] Pin} g6 (33... Nxb5 34. Rxd8+) 34. Rc5 Kg7 35. Bc6 {aiming for Rcd5.} Ne5 {[#]} 36. Bg2 $1 Re2 (36... Nb7 $16 {keeps fighting.} 37. Rcc1 Rxd1 38. Rxd1 Na5) 37. Bf1 Re3 38. Rcc1 Nb7 39. Rxd8 Nxd8 40. Nb4 Ne6 41. Kb2 Nf4 (41... Rf3 $16 {was called for.}) 42. Rc3 Re1 43. Bb5 Re4 44. Nc2 f5 45. gxf5 gxf5 46. a4 Ne2 47. Bxe2 Rxe2 48. Re3 Rxe3 49. Nxe3 {[%mdl 4096] Endgame KN-KN} f4 {[#]} 50. Nd1 $1 Kf6 51. Kc3 Kf5 52. Kd4 Nc6+ $2 (52... Ke6 53. Nf2 Nc6+ 54. Kc5 Kd7) 53. Kc5 Nb8 54. b4 $2 (54. Kb6) 54... Ke4 $2 (54... Ke6 55. a5 Kd7) 55. b5 Nd7+ 56. Kc6 Ne5+ 57. Kc7 Nc4 58. b6 {White mates.} Na5 59. b7 Nxb7 60. Kxb7 Kd3 61. a5 f3 62. Nf2+ Ke2 63. Ng4 {Accuracy: White = 73%, Black = 34%.} 1-0

[Event "21st Dubai Open 2019"]
[Site "Dubai"]
[Date "2019.04.02"]
[Round "2.6"]
[White "Sethuraman, S.P."]
[Black "Dhulipalla Bala Chandra Prasa"]
[Result "1-0"]
[WhiteElo "2624"]
[BlackElo "2384"]
[Annotator "TA"]
[PlyCount "69"]
[EventDate "2019.04.01"]
[EventType "swiss"]
[EventCountry "UAE"]
[SourceTitle "playchess.com"]
[Source "ChessBase"]
[SourceQuality "1"]

{[%evp 15,69,39,42,28,61,67,63,64,84,84,84,62,97,88,102,101,117,114,122,119,116,112,116,123,137,138,126,116,138,138,145,144,125,130,122,135,123,135,158,126,177,166,225,200,231,239,277,214,216,210,435,426,425,420,392,345]} 1. e4 e5 2. Nf3 Nc6 3. Bc4 Nf6 4. d3 h6 5. a4 d6 6. Nc3 g6 7. O-O Bg7 8. h3 O-O 9. Re1 {C55: Two Knights: 4 d3, 4 d4 exd4 5 e5 and Max Lange Attack} Nd4 $146 ({Predecessor:} 9... Kh7 10. d4 exd4 11. Nxd4 Nxd4 12. Qxd4 Be6 13. Bxe6 fxe6 14. Qc4 d5 15. Qb3 b6 16. e5 Nd7 {0-1 (45) Beshukov,S (2506)-Ibragimov,I (2554) Moscow 1999}) 10. Nxd4 exd4 11. Ne2 {White is slightly better.} Nd7 12. a5 c6 13. Bd2 Ne5 14. Bb3 Qh4 15. f4 Bxh3 16. gxh3 Qxh3 {( -> ...Ng4)} 17. fxe5 Bxe5 18. Bf4 Qg4+ {[%mdl 64] [#] Double Attack} 19. Kf2 Bxf4 20. Nxf4 Qxf4+ 21. Qf3 Qh2+ 22. Qg2 Qf4+ 23. Kg1 {Threatens to win with Rf1.} Kg7 24. Rf1 Qe3+ 25. Kh1 Rae8 26. Rf3 Qg5 27. Qf2 $36 {[%cal Rf3f7][%mdl 2048] White is on the roll.} d5 (27... Qh5+ $16 28. Kg1 f6) 28. exd5 cxd5 (28... c5 {is a better defense.} 29. d6 f5) 29. Qxd4+ $18 Kh7 {intending ...Qh5+.} 30. Raf1 ({Don't do} 30. Bxd5 $6 Re2 $16) 30... Re7 31. Qxd5 {[%cal Rf3f7]} Qh4+ {[#]} 32. Kg2 $1 {[%cal Rf3f7]} Re2+ $2 (32... f5 {was called for.} 33. Rf4 Qg5+ 34. Kh1 Qh5+ 35. Kg1 Qg5+ 36. Qg2 Rfe8) 33. R1f2 Rxf2+ 34. Rxf2 Qg4+ 35. Kh2 {Accuracy: White = 79%, Black = 54%.} 1-0

[Event "21st Dubai Open 2019"]
[Site "Dubai"]
[Date "2019.04.02"]
[Round "2.7"]
[White "Adly, Ahmed"]
[Black "Raghunandan, Kaumandur Srihari"]
[Result "0-1"]
[WhiteElo "2620"]
[BlackElo "2370"]
[Annotator "TA"]
[PlyCount "106"]
[EventDate "2019.04.01"]
[EventType "swiss"]
[EventCountry "UAE"]
[SourceTitle "playchess.com"]
[Source "ChessBase"]
[SourceQuality "1"]

{[%evp 15,106,-10,-8,-20,-18,-14,1,0,-8,0,0,0,9,9,9,5,6,9,4,10,13,16,47,31,17,0,46,0,0,0,0,0,0,-5,0,-12,-15,-56,-50,-18,0,-6,0,0,0,0,0,-9,0,-12,-5,0,0,-75,-84,-145,-149,-226,-224,-210,-218,-203,-217,-236,-219,-238,-241,-367,-365,-367,-367,-367,-362,-375,-379,-367,-341,-566,-562,-1060,-1034,-1900,-1382,-29972,-29973,-29970,-29972,-29980,-29981,-29980,-29981,-29978,-29979]} 1. Nf3 Nf6 2. g3 g6 3. Bg2 Bg7 4. c4 O-O 5. d4 c5 6. O-O cxd4 7. Nxd4 d5 8. Na3 {D73: Fianchetto Grünfeld: 5 Nf3} e5 {LiveBook: 3 Games} 9. Nf3 e4 10. Nd4 {The position is equal.} Qe7 $146 ({Predecessor:} 10... Nc6 11. Nxc6 bxc6 12. Be3 Re8 13. Bd4 Be6 14. Qa4 Qd7 15. Rfd1 Qb7 {1-0 (44) Malakhov,V (2721)-Gao,R (2464) China 2010}) 11. b3 Rd8 12. Bb2 e3 13. f4 Nc6 14. Nxc6 bxc6 15. cxd5 $1 Nxd5 16. Bxg7 Kxg7 17. Qc1 $1 Bg4 18. Nc4 Qf6 19. Ne5 Bxe2 20. Re1 Ba6 21. Qxc6 Rac8 22. Qxf6+ Nxf6 23. Rxe3 Rc2 24. Nf3 Nd5 25. Re5 Nc3 26. Re7 Ne2+ (26... Kf8 $5 {[%cal Rf8e7]} 27. Rxa7 Ne2+ 28. Kh1 Nc1 $15) 27. Kh1 {Threatens to win with Ng5.} Nc1 {next ...Be2 is good for Black.} 28. Re1 $1 $132 {[%mdl 2048] White is not keeping still} ({Don't go for} 28. Rxa7 $2 Rd1+ 29. Ng1 Nd3 $19) 28... Nxa2 29. Re7 {Hoping for Ne5.} Bc8 30. Rae1 Rd7 31. h4 Rc1 32. Kh2 Rxe1 33. Rxe1 Bb7 34. Bh3 (34. Ra1 $11 {keeps the balance.} Rd3 35. Rxa2 Bxf3 36. b4) 34... Rd3 $17 35. Ne5 (35. Ra1 $142) 35... Rxb3 36. Rd1 (36. Nc4 $17) 36... Rb2+ 37. Kg1 Nc3 38. Rd7 {[#]} Bd5 $1 39. Bg4 Rb7 40. Rxb7 Bxb7 $19 {[%mdl 4096] Endgame KBN-KBN} 41. h5 (41. Bd7 {was called for.}) 41... a5 {[%cal Ba7a5,Ba5a4][%mdl 32]} 42. hxg6 hxg6 43. Nc4 {[#]} a4 $1 44. Bd7 Bd5 45. Na3 Kf6 46. Kh2 $2 (46. Bg4) 46... Ke7 47. Bh3 Kd6 48. g4 Kc5 49. Bf1 Bb3 {Black mates.} 50. Bd3 Kb4 51. Nb1 Nxb1 52. Bxb1 a3 53. Kg3 Kc3 {Precision: White = 38%, Black = 78%.} 0-1

[Event "21st Dubai Open 2019"]
[Site "Dubai"]
[Date "2019.04.02"]
[Round "2.8"]
[White "Tabatabaei, M.amin"]
[Black "Sidhant, Mohapatra"]
[Result "1/2-1/2"]
[WhiteElo "2612"]
[BlackElo "2348"]
[Annotator "TA"]
[PlyCount "71"]
[EventDate "2019.04.01"]
[EventType "swiss"]
[EventCountry "UAE"]
[SourceTitle "playchess.com"]
[Source "ChessBase"]
[SourceQuality "1"]

{[%evp 12,71,25,14,34,23,39,31,22,27,20,25,43,32,48,49,56,56,49,39,56,56,56,56,59,63,68,47,47,45,59,16,37,16,30,0,0,0,0,0,0,0,0,0,0,0,0,0,0,0,0,0,0,0,0,0,0,0,0,0,0,0]} 1. c4 c6 2. d4 d5 3. cxd5 cxd5 4. Bf4 Nf6 5. Nc3 a6 6. e3 Nc6 7. Be2 e6 {D10: Slav Defence: 3 cxd5 (without early Nf3) and 3 Nc3} 8. Nf3 Bd6 9. Ne5 Bxe5 {White is slightly better.} 10. Bxe5 Nxe5 11. dxe5 Nd7 12. f4 b5 $146 ({Predecessor:} 12... Qb6 13. Qd2 Nc5 14. O-O Bd7 15. f5 {½-½ (40) Rakhmanov,A (2634)-Pridorozhni,A (2574) Khanty-Mansiysk 2018}) 13. Qd4 O-O 14. O-O Qb6 15. b4 Bb7 16. a4 {[%cal Ra4b5]} Rfc8 {[#] White must now prevent ...Qxd4.} 17. Rfc1 {[%cal Ra4b5]} bxa4 18. Nxa4 Qd8 19. Nc5 Nxc5 20. Rxc5 g6 21. h3 Rxc5 22. Qxc5 Rc8 23. Qd6 (23. Qa7 $5 {[%cal Ra7b7]} Qe7 24. Bd3 $11) 23... Qh4 {The position is equal.} 24. Bxa6 Qg3 25. Bxb7 Rc1+ {[%mdl 64] [#] Decoy} 26. Rxc1 {White threatens Rc8+ and mate.} Qxe3+ 27. Kf1 {Intending Rc8+ and mate.} Qxc1+ 28. Ke2 {Strongly threatening Qd8+.} Qc2+ 29. Ke3 Qc3+ 30. Kf2 {aiming for Qd8+.} Qd2+ 31. Kf3 Qd3+ 32. Kg4 h5+ 33. Kh4 g5+ $1 34. fxg5 Qe4+ $1 35. Kxh5 {And now Qd8+ would win.} Qxg2 {[%cal Rg2h3]} 36. Kh4 {Accuracy: White = 68%, Black = 77%.} 1/2-1/2

[Event "21st Dubai Open 2019"]
[Site "Dubai"]
[Date "2019.04.02"]
[Round "2.9"]
[White "Nitin, S.."]
[Black "Mchedlishvili, Mikheil"]
[Result "1/2-1/2"]
[WhiteElo "2400"]
[BlackElo "2610"]
[Annotator "TA"]
[PlyCount "95"]
[EventDate "2019.04.01"]
[EventType "swiss"]
[EventCountry "UAE"]
[SourceTitle "playchess.com"]
[Source "ChessBase"]
[SourceQuality "1"]

{[%evp 17,95,22,20,21,22,22,28,18,25,0,0,-9,-20,-18,-15,-12,-3,-12,0,0,0,0,0,0,-5,-15,0,-29,-29,-27,-28,-42,-27,-48,-27,-84,0,0,8,0,85,0,0,0,0,0,0,0,0,0,0,-8,-8,-8,-8,-8,-8,-8,-8,-8,-35,-9,0,0,0,0,0,0,0,0,0,0,0,0,0,0,0,0,0,0]} 1. e4 e6 2. d4 d5 3. Nc3 Bb4 4. e5 c5 5. a3 Ba5 6. b4 cxd4 7. Nb5 Bc7 8. f4 Bd7 9. Nxc7+ Qxc7 10. Nf3 {C18: French: 3 Nc3 Bb4: Main line: 7 h4 and 7 Qg4} Ba4 11. Bd3 Ne7 12. Bb2 {White has an edge.} (12. O-O Qb6 13. Kh1 Bb5 14. Nxd4 Bxd3 15. Qxd3 Nbc6 16. Nf3 a6 17. Be3 Qb5 {½-½ (40) Vidit,S (2715)-Vitiugov,N (2730) Linares 2018}) 12... Nbc6 13. O-O Qb6 14. Qe2 Bb5 15. Kh1 a6 16. Qf2 {[%cal Rb2d4] [#]} Bxd3 $146 ({Predecessor:} 16... Rc8 17. Rfc1 Bxd3 18. cxd3 {0-1 (59) Ismagambetov,A (2463)-Kazhgaleyev,M (2596) Al Ain 2012}) 17. cxd3 {[%cal Rf3d4]} Qb5 18. Rad1 a5 19. Bxd4 axb4 20. axb4 O-O 21. Bc5 Rfe8 22. Nh4 Nf5 ({Much weaker is} 22... Nxb4 $6 23. Rb1 $16) 23. Nxf5 exf5 24. Qf3 b6 25. Bd6 Ra3 26. g4 {[#]} (26. Rd2 $11) 26... fxg4 (26... Nd4 $1 $17 {[%cal Rd4f3]} 27. Qe3 Nc2) 27. Qxg4 $11 g6 28. d4 Ra2 (28... Nxd4 $1 $11 {remains equal.} 29. f5 Qe2 30. Qxe2 Nxe2) 29. f5 ({White should try} 29. Qh3 $16) 29... Qe2 30. Qxe2 Rxe2 31. Rf4 Ne7 32. Rg1 Nc8 33. fxg6 hxg6 34. Rf6 Nxd6 35. Rxd6 {[%mdl 4096] Endgame KRR-KRR} Rc8 36. Rxd5 Rcc2 {[%csl Gc2][%cal Re2h2] [#]} 37. Rd1 Rxh2+ 38. Kg1 Rcg2+ 39. Kf1 g5 {The position is equal.} 40. Rd6 Rb2 {[%cal Rh2h1]} 41. Kg1 Rbg2+ 42. Kf1 g4 43. Rf6 Rb2 {[%cal Rh2h1]} 44. Kg1 b5 45. d5 Rbg2+ 46. Kf1 Rb2 {[%cal Rh2h1]} (46... Ra2 $5 47. Kg1 $8 Rag2+ 48. Kf1 Rc2 $11) 47. Kg1 Rbg2+ 48. Kf1 {Accuracy: White = 67%, Black = 66%.} 1/2-1/2

[Event "21st Dubai Open 2019"]
[Site "Dubai"]
[Date "2019.04.02"]
[Round "2.10"]
[White "Aravindh, Chithambaram VR."]
[Black "Charkhalashvili, Inga"]
[Result "1/2-1/2"]
[WhiteElo "2602"]
[BlackElo "2338"]
[Annotator "TA"]
[PlyCount "209"]
[EventDate "2019.04.01"]
[EventType "swiss"]
[EventCountry "UAE"]
[SourceTitle "playchess.com"]
[Source "ChessBase"]
[SourceQuality "1"]

{[%evp 13,209,17,25,27,21,20,20,20,23,18,33,22,22,18,25,19,19,20,36,4,22,24,36,35,51,44,51,51,51,51,53,51,50,52,52,52,61,54,55,57,81,13,12,0,78,54,83,60,84,64,54,54,74,48,58,56,73,0,0,0,75,73,82,75,79,79,81,79,77,71,105,50,189,182,195,186,209,210,279,112,111,84,71,89,76,68,70,68,133,87,82,70,57,0,0,0,0,0,0,0,0,0,0,0,0,-75,-42,-42,-42,-46,0,0,0,-47,0,-77,-18,-16,-16,-21,0,0,0,0,0,0,0,0,2,0,0,0,0,0,7,0,0,-513,4,0,0,0,0,0,0,0,0,0,0,0,0,0,8,-5,0,-111,0,-7,-8,-106,-91,-590,-79,-96,-50,-60,-46,-46,-46,-82,-60,-60,-44,-52,-27,-29,-24,-23,-8,-97,-97,-97,-97,-97,-97,-97,-97,-97,-97,-116,-116,-116,-8,-8,-8,-8,-8,-8]} 1. e4 c6 2. Nf3 d5 3. Nc3 Bg4 4. h3 Bxf3 5. Qxf3 e6 6. Be2 Nf6 7. O-O Nbd7 8. d4 {B11: Caro-Kann: Two Knights Variation} dxe4 9. Nxe4 Nxe4 (9... Be7 10. Rd1 O-O 11. c3 a5 12. Bf4 Nxe4 13. Qxe4 Nf6 14. Qc2 Nd5 15. Bd2 b5 {0-1 (42) Howell,D (2676)-Laznicka,V (2647) Riadh 2017}) 10. Qxe4 Nf6 11. Qe3 Be7 12. c4 Qc7 13. b3 O-O $146 ({Predecessor:} 13... a6 14. Bb2 O-O 15. Rfd1 Rfe8 {1-0 (40) Mikkelsen,N (2423)-Bucknell,M (1944) Caleta 2014}) 14. Bb2 Rad8 15. Rfd1 Rfe8 16. Bd3 Bd6 17. Bc2 Qe7 18. Rab1 Bb8 19. Re1 h6 20. Qf3 Rd7 21. g3 Red8 22. Rbd1 Bc7 23. Re3 Bb6 {[%cal Rb6d4]} 24. Red3 Nh7 25. Qe2 Nf6 26. Bc3 Re8 27. Re3 (27. b4 $16) 27... Qd8 {[%cal Rb6d4]} 28. Red3 (28. c5 $11 Bc7 29. Be4) 28... Qe7 $1 $16 29. Kg2 Red8 30. Qf3 Ne8 31. R3d2 Nf6 32. Bb1 Kf8 33. Qe2 Kg8 34. Rd3 Re8 35. Re3 (35. b4 $16) 35... Qd8 $1 $11 {[%cal Rb6d4]} 36. Red3 (36. Qb2 $11) 36... Qe7 $16 37. b4 a6 38. a4 Ba7 39. a5 Red8 40. Bc2 Ne8 41. Bb3 Nd6 42. Qf3 (42. h4 $16) 42... Nf5 (42... Qg5 $14) 43. d5 $1 $18 Qg5 44. Kf1 exd5 45. cxd5 c5 46. d6 (46. bxc5 $18 {Strongly threatening c6.} Bxc5 47. h4) 46... Nd4 $16 47. Bxd4 cxd4 48. Ba4 $1 {[%cal Ra4d7]} Rxd6 49. Qxb7 Bb8 $1 50. Rf3 Rf6 ({Better is} 50... Qd5 $14 51. Qxd5 Rxd5) 51. Rxf6 Qxf6 52. Kg2 d3 53. Bc6 {[#]} (53. Bb3 $14) 53... Ba7 $1 $11 {[%mdl 512]} 54. Bf3 (54. Qxa7 Qxc6+) 54... Qd4 55. Rf1 Rd6 56. Qc8+ Kh7 57. Qf5+ {[%mdl 64] Double Attack} Kg8 $1 58. Qc8+ Kh7 59. h4 (59. Qf5+ $11 Kg8 60. Qc8+) 59... Rf6 60. h5 d2 {Threatens to win with ...Rxf3!} 61. Qc2+ Kg8 62. Qc8+ Kh7 {aiming for ...Rxf3!} 63. Qc2+ Kg8 64. Qb3 (64. Qc8+ $11 Kh7) 64... Rd6 ({Black should play} 64... Kf8 $17) 65. b5 axb5 66. Qxb5 {Black must now prevent Qe8+.} Rd8 67. Qe2 Qc5 68. a6 Kf8 69. Qe4 Qd6 70. Qb7 Qc5 71. Qb1 Kg8 72. Qe4 Qd6 73. Qc4 Qd7 74. Rb1 Qf5 75. Qc7 $2 {[%mdl 8192]} (75. Rd1 $11 {and White is okay.}) 75... Rc8 $2 (75... Rd3 $1 $19 76. Qf4 Rxf3 $1 {[%mdl 576] Discovered Attack} 77. Kxf3 Qxb1 78. Qxd2 Qh1+ {[%mdl 64] Double Attack} 79. Kf4 Qf1 80. Qd8+ Kh7) 76. Qb7 {Hoping for Rd1.} Qc5 77. Rf1 Rd8 78. Qb3 Rd6 79. Qa4 Kf8 80. Qe4 Rd8 81. Qh7 Qd4 82. Qf5 Qd6 83. Qh7 Qd4 84. Be2 {[#]} (84. Qf5 $11 {remains equal.}) 84... Qe5 ({Black should try} 84... Re8 $1 $17 {[%cal Re8e2]} 85. Bf3 Re1 86. Qh8+ Ke7) 85. Bg4 Qf6 $36 {[%mdl 2048] Black has good play.} 86. Kh3 (86. Be2 $11) 86... Qxa6 $17 87. Rb1 $2 {[%mdl 8192]} (87. Kg2 $17 {nothing else works.}) 87... Bd4 $2 (87... d1=Q $19 {( -> ...Qaf1+)} 88. Rxd1 Rxd1 89. Bxd1 Qf1+ {[%mdl 64] Double Attack} 90. Kh4 Qh1+ 91. Kg4 Qxd1+ 92. f3 Qd4+ 93. Kh3 Qe5 94. Qh8+ Ke7) 88. Kg2 Bf6 89. Bf3 Qd3 (89... Be5 {with more complications.} 90. Qh8+ Ke7 91. Qh7 g5 92. hxg6 Qxg6 93. Qxg6 fxg6 94. Bd1 Bd4) 90. Qxd3 Rxd3 $15 {[%mdl 4096] Endgame KRB-KRB} 91. Be2 Rd8 (91... Rc3 {seems wilder.} 92. Rd1 Rc2 93. Kf3 Bc3 94. Rh1 Ba5) 92. Kf3 Bd4 93. Bd1 Rd7 94. Rb3 Ba7 95. Ke2 Ke7 96. Rd3 (96. Rb2 $11) 96... Rxd3 $17 97. Kxd3 Bxf2 98. Kxd2 Bxg3 {KB-KB} 99. Ke3 f5 100. Kf3 Be5 101. Kg2 Kf6 102. Be2 g5 (102... Bd6 $17 103. Kf3 Kg5) 103. hxg6 $1 $11 {The position is equal.} Kxg6 104. Bd3 Kg5 105. Bxf5 {Accuracy: White = 58%, Black = 40%.} 1/2-1/2